000 01794cam0 2200385 ib4500
001 BY-MI0015-br581943
005 20250910112548.0
010 ^a978-5-04-166652-1
^bв переплете
100 ^a20250904d2024 d y0rusy50 ca
101 0 ^arus
102 ^aRU
105 ^aa z 000gy
109 ^ama
200 1 ^aБасни
^e[для среднего школьного возраста]
^fИван Крылов
^gиллюстрации Ирины Петелиной
210 ^aМосква
^cЭксмо
^c#эксмодетство
^d2024
215 ^a78, [2] с.
^cцв. ил.
^d22 см
225 1 ^aКниги для внеклассного чтения
333 ^a0+
345 ^97000 экз. (дополнительный тираж)
608 ^aДЗІЦЯЧАЯ І ЮНАЦКАЯ ЛІТАРАТУРА (мастацкі твор)
^3BY-NLB-ar9020
^2BYGNR
608 ^aДЕТСКАЯ И ЮНОШЕСКАЯ ЛИТЕРАТУРА (художеств. произведение)
^3BY-NLB-ar9019
^2BYGNR
606 ^aРУСКАЯ ЛІТАРАТУРА
^3BY-NLB-ar28703
^2DVNLB
606 ^aРУССКАЯ ЛИТЕРАТУРА
^3BY-NLB-ar28702
^2DVNLB
608 ^aБАЙКА (літ.)
^3BY-NLB-ar2157878
^2BYGNR
608 ^aБАСНЯ
^3BY-NLB-ar2157876
^2BYGNR
686 ^a84(2Рос)1
^2rubbk
690 ^a1
^2Base
^9BY-MI0015
^xRSEK
700 1 ^aКрылов
^bИ. А.
^gИван Андреевич
^cписатель
^f1769—1844
^3BY-NLB-ar95768
702 1 ^aПетелина
^bИ. А.
^gИрина Андреевна
^cхудожник
^fрод. 1964
^3BY-SEK-406011
801 0 ^aBY
^bBY-MI0015
^c20250904
^gRCR
035 ^a(BY-MI0015)BY-MI0015-br581943
899 0 ^aBY-MI0015
^iК85
^h84(2Рос)1